[Event "1.Bundesliga Frauen 2019/20"]
[Site "St.Veit/Glan, Blumenhalle"]
[Date "2020.01.11"]
[Round "5"]
[Board "3"]
[White "Hiebler, Laura"]
[Black "Moerwald, Magdalena"]
[Result "1/2-1/2"]
[WhiteElo "2011"]
[BlackElo "1791"]
[PlyCount "82"]
[EventDate "2019.10.11"]
[EventType "team"]
[EventRounds "9"]
[EventCountry "AUT"]
[WhiteTeam "SV Grafik-Druck Knapp St.Veit/Glan"]
[BlackTeam "ASVOE Wulkaprodersdorf"]

1. c4 e6 2. Nf3 Nf6 3. Nc3 d5 4. e3 c5 5. b3 Nc6 6. Bb2 Be7 7. cxd5 exd5 8. d4
O-O 9. Be2 Be6 10. O-O Rc8 11. Rc1 cxd4 12. Nxd4 Nxd4 13. Qxd4 Bc5 14. Qd3 Qd7
15. Na4 Be7 16. Qd4 b6 17. Ba6 Rxc1 18. Rxc1 Ne8 19. Qf4 Qd6 20. Qxd6 Bxd6 21.
Rc6 Bd7 22. Rc2 Nc7 23. Bb7 Rb8 24. Bc6 Bf5 25. Rd2 Be6 26. Nc3 Bb4 27. a3 Bxc3
28. Bxc3 Rd8 29. b4 f6 30. Kf1 Kf8 31. b5 d4 32. Bb4+ Kf7 33. exd4 Bc4+ 34. Ke1
Nxb5 35. Bxb5 Bxb5 36. Kd1 Ke6 37. Kc2 Kd5 38. f3 Re8 39. Kb2 Re3 40. Bf8 g6
41. Bh6 Re2  1/2-1/2

[Event "1.Bundesliga Frauen 2019/20"]
[Site "St.Veit/Glan, Blumenhalle"]
[Date "2020.01.11"]
[Round "5"]
[Board "4"]
[White "Rampler, Evelyn"]
[Black "Kejzar, Petra"]
[Result "0-1"]
[WhiteElo "1806"]
[BlackElo "2057"]
[PlyCount "136"]
[EventDate "2019.10.11"]
[EventType "team"]
[EventRounds "9"]
[EventCountry "AUT"]
[WhiteTeam "ASVOE Wulkaprodersdorf"]
[BlackTeam "SV Grafik-Druck Knapp St.Veit/Glan"]

1. e4 c5 2. Nc3 Nc6 3. g3 g6 4. Bg2 Bg7 5. d3 e6 6. Be3 d6 7. Qd2 Rb8 8. a4 Nd4
9. Nf3 Ne7 10. O-O h5 11. Rab1 Nec6 12. Ne2 Nxf3+ 13. Bxf3 Nd4 14. Bg2 h4 15.
h3 hxg3 16. fxg3 Bd7 17. b3 Nc6 18. d4 cxd4 19. Nxd4 Bxd4 20. Bxd4 e5 21. Qf2
Qe7 22. Bxa7 Ra8 23. Be3 Bxh3 24. Qf6 Rh5 25. Bxh3 Rxh3 26. Kg2 Rh7 27. Rbd1
Rd8 28. Bg5 Qxf6 29. Rxf6 Rh5 30. Bc1 Nd4 31. Rdf1 Rh7 32. R1f2 Ne6 33. R6f3
Ke7 34. Rd3 Rdh8 35. Be3 Rh2+ 36. Kf1 R2h3 37. Bd2 f6 38. b4 Nd4 39. Rg2 Rh1+
40. Kf2 Ra1 41. c3 Ne6 42. a5 Rhh1 43. Rd5 Ra2 44. Kf3 Nc7 45. Rd3 Ne6 46. Rf2
Rd1 47. Rd5 Nc7 48. Rd3 Nb5 49. Rd5 Nc7 50. Rd3 Rb1 51. Rh2 Nb5 52. Rh7+ Ke6
53. Rxb7 Na3 54. a6 Nc4 55. a7 f5 56. Rg7 Rd1 57. Rxg6+ Kf7 58. exf5 Rdxd2 59.
Rxd2 Nxd2+ 60. Kg4 Nc4 61. Kg5 Rxa7 62. Rh6 Ra3 63. f6 Rxc3 64. Rh7+ Ke6 65.
Re7+ Kd5 66. g4 e4 67. Kh6 Rf3 68. g5 Ne5  0-1

[Event "1.Bundesliga Frauen 2019/20"]
[Site "St.Veit/Glan, Blumenhalle"]
[Date "2020.01.11"]
[Round "5"]
[Board "1"]
[White "Unuk, Laura"]
[Black "Richterova, Natasa"]
[Result "1-0"]
[WhiteElo "2379"]
[BlackElo "2216"]
[PlyCount "131"]
[EventDate "2019.10.11"]
[EventType "team"]
[EventRounds "9"]
[EventCountry "AUT"]
[WhiteTeam "SK Advisory Invest Baden"]
[BlackTeam "SpG Steyr"]

1. d4 d5 2. c4 c6 3. Nf3 Nf6 4. e3 Bf5 5. Nc3 e6 6. Nh4 Bg6 7. Nxg6 hxg6 8. Bd3
Nbd7 9. O-O Bd6 10. f4 dxc4 11. Bxc4 g5 12. e4 Bxf4 13. Bxf4 gxf4 14. e5 Nb6
15. exf6 Nxc4 16. fxg7 Rg8 17. Qd3 Nxb2 18. Qd2 Nc4 19. Qxf4 Rxg7 20. Rab1 Nd6
21. Rf2 Qe7 22. Re1 O-O-O 23. d5 cxd5 24. Qd4 Ne8 25. Qxa7 Qc7 26. Nb5 Qc6 27.
Nd4 Qa6 28. Rc2+ Nc7 29. Qc5 Qd6 30. Qa5 Rh7 31. h3 Kd7 32. Rec1 Na8 33. Qb5+
Ke7 34. Qxb7+ Kf8 35. Rc6 Qe7 36. Qb2 Rh6 37. Qf2 Rf6 38. Qe3 e5 39. Nf3 Rxc6
40. Rxc6 d4 41. Qh6+ Ke8 42. Qh8+ Kd7 43. Nxe5+ Qxe5 44. Qxe5 Kxc6 45. Qe4+ Kc7
46. Qe7+ Rd7 47. Qc5+ Kb7 48. Qb5+ Nb6 49. Qd3 Kc6 50. Kf2 Kc5 51. Qa3+ Kb5 52.
Qb3+ Kc5 53. a4 Nd5 54. Qb5+ Kd6 55. a5 Nc3 56. Qb8+ Ke7 57. a6 Ne4+ 58. Kf3 d3
59. a7 Ng5+ 60. Ke3 d2 61. Qb4+ Ke6 62. Qc4+ Kf6 63. Qc6+ Ke7 64. Qxd7+ Kxd7
65. Kxd2 Ne4+ 66. Ke3  1-0

[Event "1.Bundesliga Frauen 2019/20"]
[Site "St.Veit/Glan, Blumenhalle"]
[Date "2020.01.11"]
[Round "5"]
[Board "2"]
[White "Batyte, Daiva"]
[Black "Trippold, Denise"]
[Result "0-1"]
[WhiteElo "2138"]
[BlackElo "2158"]
[PlyCount "72"]
[EventDate "2019.10.11"]
[EventType "team"]
[EventRounds "9"]
[EventCountry "AUT"]
[WhiteTeam "SpG Steyr"]
[BlackTeam "SK Advisory Invest Baden"]

1. Nf3 d5 2. g3 Nf6 3. Bg2 c5 4. c4 d4 5. d3 Nc6 6. Nbd2 e6 7. O-O Bd6 8. Ne4
Nxe4 9. dxe4 O-O 10. Ne1 e5 11. Nd3 Be6 12. b3 a6 13. Ba3 Qe7 14. Rc1 a5 15.
Bb2 a4 16. Rb1 Rfb8 17. Ba1 b5 18. Qc2 Na5 19. f4 f6 20. cxb5 axb3 21. axb3
Rxb5 22. Nc1 Rab8 23. e3 Nxb3 24. Nxb3 Rxb3 25. Rxb3 Rxb3 26. exd4 cxd4 27.
fxe5 fxe5 28. Bh3 Rb8 29. Bxe6+ Qxe6 30. Qe2 Be7 31. Bb2 d3 32. Qf2 Rf8 33. Qa7
d2 34. Rd1 Bb4 35. Qe3 Qc4 36. Kg2 Qc2  0-1

[Event "1.Bundesliga Frauen 2019/20"]
[Site "St.Veit/Glan, Blumenhalle"]
[Date "2020.01.11"]
[Round "5"]
[Board "3"]
[White "Vidic, Teja"]
[Black "Saler-Grafenberger, Elisabeth"]
[Result "1-0"]
[WhiteElo "2242"]
[BlackElo "1855"]
[PlyCount "165"]
[EventDate "2019.10.11"]
[EventType "team"]
[EventRounds "9"]
[EventCountry "AUT"]
[WhiteTeam "SK Advisory Invest Baden"]
[BlackTeam "SpG Steyr"]

1. e4 d6 2. d4 Nf6 3. Nc3 e5 4. Nf3 Nbd7 5. Bc4 c6 6. dxe5 Nxe5 7. Nxe5 dxe5 8.
Bxf7+ Ke7 9. Qxd8+ Kxd8 10. Be3 {[%emt 0:00:03]} Bb4 {[%emt 0:00:03]} 11. f3 {
[%emt 0:00:04]} Ke7 12. Bb3 Be6 13. O-O-O Bxc3 14. Bc5+ Kf7 15. bxc3 Rhe8 16.
g4 b6 17. Bf2 Bxb3 18. cxb3 Ke6 19. a4 Red8 20. Kc2 h6 21. Rxd8 Rxd8 22. a5 Nd7
23. axb6 axb6 24. Be3 Rf8 25. Rf1 g5 26. Kd3 b5 27. b4 Rf7 28. Ke2 Nf8 29. h4
gxh4 30. Bxh6 Ng6 31. Be3 Rh7 32. Kf2 Re7 33. Ke2 Rh7 34. Rd1 Rf7 35. Kf2 Rh7
36. Bc5 Rc7 37. Rd6+ Kf7 38. Be3 Kg7 39. Kg2 Rf7 40. Rd2 Kf6 41. Rd3 Ke6 42.
Bd2 Ra7 43. g5 Ra1 44. Be3 Ra2+ 45. Rd2 Ra1 46. Kh3 Rf1 47. Kg4 Rc1 48. Bc5
Rxc3 49. Rd6+ Kf7 50. Rd7+ Kg8 51. Kf5 Nf8 52. Bxf8 Rxf3+ 53. Kxe5 Rxf8 54. Rd6
h3 55. Rh6 Rf3 56. Kd6 Re3 57. e5 c5 58. bxc5 b4 59. e6 b3 60. e7 b2 61. Re6
Rxe6+ 62. Kxe6 b1=Q 63. e8=Q+ Kg7 64. Qf7+ Kh8 65. Qf8+ Kh7 66. Qh6+ Kg8 67.
Qxh3 Qe4+ 68. Kd6 Qd4+ 69. Kc6 Qa4+ 70. Kc7 Qa7+ 71. Kd6 Qb8+ 72. Kd5 Qd8+ 73.
Kc4 Qxg5 74. Qe6+ Kg7 75. c6 Qf4+ 76. Kb5 Qb8+ 77. Kc5 Qa7+ 78. Kd6 Qd4+ 79.
Ke7 Qc5+ 80. Qd6 Qg5+ 81. Kd7 Qf5+ 82. Kd8 Qg5+ 83. Qe7+  1-0

[Event "1.Bundesliga Frauen 2019/20"]
[Site "St.Veit/Glan, Blumenhalle"]
[Date "2020.01.11"]
[Round "5"]
[Board "4"]
[White "Hackbarth, Christa"]
[Black "Mar, Karmen"]
[Result "0-1"]
[WhiteElo "1798"]
[BlackElo "2084"]
[PlyCount "78"]
[EventDate "2019.10.11"]
[EventType "team"]
[EventRounds "9"]
[EventCountry "AUT"]
[WhiteTeam "SpG Steyr"]
[BlackTeam "SK Advisory Invest Baden"]

1. d4 d5 2. Nf3 Nf6 3. Bf4 e6 4. e3 Bd6 5. Bg3 c5 6. c3 O-O 7. Nbd2 Qc7 8. Qe2
Nbd7 9. Rd1 Re8 10. Qd3 e5 11. dxe5 Nxe5 12. Nxe5 Bxe5 13. Nf3 Bd6 14. Be2 Be6
15. Qb1 Rad8 16. Bxd6 Rxd6 17. O-O Bg4 18. Rfe1 Ne4 19. Bd3 Rh6 20. Be2 Ng5 21.
Rxd5 Nxf3+ 22. Bxf3 Qxh2+ 23. Kf1 Qh1+ 24. Ke2 Qxg2 25. Qe4 Bxf3+ 26. Qxf3 Qg6
27. Rd2 Qa6+ 28. Kd1 Qxa2 29. Qxb7 Rb6 30. Qd7 Rf8 31. Ke2 Rxb2 32. Red1 Qc4+
33. Kf3 Rxd2 34. Rxd2 Qxc3 35. Ra2 Qf6+ 36. Ke2 a6 37. Qb7 h5 38. Rxa6 Qf5 39.
Ra4 Qc2+  0-1

[Event "1.Bundesliga Frauen 2019/20"]
[Site "St.Veit/Glan, Blumenhalle"]
[Date "2020.01.11"]
[Round "5"]
[Board "1"]
[White "Theissl-Pokorna, Regina"]
[Black "Schnegg, Anna-Lena"]
[Result "1-0"]
[WhiteElo "2296"]
[BlackElo "2223"]
[PlyCount "79"]
[EventDate "2019.10.11"]
[EventType "team"]
[EventRounds "9"]
[EventCountry "AUT"]
[WhiteTeam "ASVOE Pamhagen 1"]
[BlackTeam "Mayrhofen/SK Zell/Zillertal"]

1. e4 d6 2. d4 g6 3. Nc3 Bg7 4. Be3 Nf6 5. Qd2 c6 6. Bh6 O-O 7. h4 b5 8. Bd3
Nbd7 9. h5 e5 10. Bxg7 Kxg7 11. hxg6 fxg6 12. Nf3 exd4 13. Nxd4 Ne5 14. O-O-O
b4 15. Nce2 c5 16. Nf3 Qe7 17. Nxe5 dxe5 18. Ng3 Ng8 19. Bc4 Bg4 20. f3 Rad8
21. Qe3 Bc8 22. Rd5 Bb7 23. Rxc5 Rd4 24. Bxg8 Kxg8 25. Ra5 Qc7 26. Rxa7 Qb6 27.
Qb3+ Kh8 28. c3 Qxa7 29. cxd4 Qxd4 30. Rd1 Rc8+ 31. Kb1 Qf2 32. Nf1 Ba6 33. Ne3
Qe2 34. a3 bxa3 35. Qxa3 Rb8 36. Qc3 Qb5 37. Rd5 Qb3 38. Qxe5+ Kg8 39. Qe6+ Kf8
40. Rd8+  1-0

[Event "1.Bundesliga Frauen 2019/20"]
[Site "St.Veit/Glan, Blumenhalle"]
[Date "2020.01.11"]
[Round "5"]
[Board "2"]
[White "Koepke, Elena"]
[Black "Worek, Joanna"]
[Result "0-1"]
[WhiteElo "2277"]
[BlackElo "2326"]
[PlyCount "80"]
[EventDate "2019.10.11"]
[EventType "team"]
[EventRounds "9"]
[EventCountry "AUT"]
[WhiteTeam "Mayrhofen/SK Zell/Zillertal"]
[BlackTeam "ASVOE Pamhagen 1"]

1. e4 c5 2. c3 Nf6 3. e5 Nd5 4. Nf3 d6 5. d4 cxd4 6. cxd4 dxe5 7. Nxe5 Nc6 8.
Bc4 e6 9. O-O Be7 10. Nxc6 bxc6 11. Nc3 O-O 12. Be3 a5 13. Rc1 Rb8 14. Na4 Bd6
15. Qh5 f5 16. Bd2 Qf6 17. Rfd1 Bd7 18. b3 Be8 19. Qg5 Qxd4 20. Bxd5 cxd5 21.
Bc3 Qa7 22. Bd4 Qf7 23. Re1 h6 24. Qe3 Bxa4 25. bxa4 Rfe8 26. Be5 Bxe5 27. Qxe5
Rb4 28. Rc7 Re7 29. Rc8+ Kh7 30. h3 Qf6 31. Qd6 Rc4 32. Ra8 Rxa4 33. Qd8 Re4
34. Rc1 f4 35. Qg8+ Kg6 36. Rxa5 f3 37. Ra3 Qg5 38. Rxf3 Qxc1+ 39. Kh2 Re1 40.
Rg3+ Kh5  0-1

[Event "1.Bundesliga Frauen 2019/20"]
[Site "St.Veit/Glan, Blumenhalle"]
[Date "2020.01.11"]
[Round "5"]
[Board "3"]
[White "Boric, Elena"]
[Black "Mayrhuber, Nikola"]
[Result "0-1"]
[WhiteElo "2179"]
[BlackElo "2024"]
[PlyCount "90"]
[EventDate "2019.10.11"]
[EventType "team"]
[EventRounds "9"]
[EventCountry "AUT"]
[WhiteTeam "ASVOE Pamhagen 1"]
[BlackTeam "Mayrhofen/SK Zell/Zillertal"]

1. e4 e6 2. d4 d5 3. Nd2 c5 4. exd5 exd5 5. Ngf3 Nc6 6. dxc5 Bxc5 7. Nb3 Bb6 8.
Be2 Nf6 9. O-O h6 10. Nbd4 O-O 11. c3 Re8 12. Bf4 Bg4 13. h3 Bh5 14. Nf5 Ne4
15. Be3 Bc7 16. Re1 Bg6 17. N5d4 a6 18. Nxc6 bxc6 19. c4 Qd6 20. cxd5 cxd5 21.
Qd4 f5 22. Red1 Bf7 23. Rac1 f4 24. Rxc7 Qxc7 25. Bc1 Qc2 26. Qd3 Qc5 27. Nd4
g5 28. Bf3 a5 29. b3 a4 30. b4 Qxb4 31. Nf5 Qb6 32. Bxe4 Rxe4 33. Qc3 d4 34.
Nxd4 Rd8 35. Bb2 Qf6 36. a3 Bb3 37. Rd3 Qe5 38. Nxb3 Re1+ 39. Kh2 f3+ 40. g3
Rxd3 41. Qc8+ Qe8 42. Qc4+ Qe6 43. Qxd3 Rh1+ 44. Kxh1 Qxh3+ 45. Kg1 Qg2#  0-1

[Event "1.Bundesliga Frauen 2019/20"]
[Site "St.Veit/Glan, Blumenhalle"]
[Date "2020.01.11"]
[Round "5"]
[Board "4"]
[White "Konecny, Sophie"]
[Black "Borek, Jutta"]
[Result "1/2-1/2"]
[WhiteElo "1912"]
[BlackElo "2038"]
[PlyCount "87"]
[EventDate "2019.10.11"]
[EventType "team"]
[EventRounds "9"]
[EventCountry "AUT"]
[WhiteTeam "Mayrhofen/SK Zell/Zillertal"]
[BlackTeam "ASVOE Pamhagen 1"]

1. d4 Nf6 2. Nf3 e6 3. c4 Bb4+ 4. Bd2 c5 5. Bxb4 cxb4 6. g3 d6 7. Bg2 O-O 8.
O-O Nc6 9. a3 bxa3 10. Rxa3 e5 11. Nc3 Bg4 12. dxe5 dxe5 13. Qb3 Bxf3 14. Bxf3
Nd4 15. Qxb7 Rb8 16. Qxa7 Nxf3+ 17. exf3 Rxb2 18. Qe3 Qd4 19. Ne4 Nxe4 20. Qxe4
Qxe4 21. fxe4 Rc2 22. Ra5 Rxc4 23. Rxe5 f6 24. Re7 Rf7 25. Re6 Rb7 26. f3 Rb2
27. Rf2 Rxf2 28. Kxf2 Rc2+ 29. Kg1 Kf7 30. Ra6 h5 31. h4 Re2 32. Kf1 Rb2 33.
Ra5 g6 34. e5 fxe5 35. Rxe5 Kf6 36. Ra5 Rc2 37. Rg5 Rc8 38. Kg2 Rc3 39. g4 hxg4
40. Rxg4 Rc5 41. Kg3 Rb5 42. Rf4+ Kg7 43. Rg4 Kf6 44. Rf4+  1/2-1/2

[Event "1.Bundesliga Frauen 2019/20"]
[Site "St.Veit/Glan, Blumenhalle"]
[Date "2020.01.11"]
[Round "5"]
[Board "1"]
[White "Brunello, Marina"]
[Black "Novkovic, Julia"]
[Result "1-0"]
[WhiteElo "2368"]
[BlackElo "2170"]
[PlyCount "161"]
[EventDate "2019.10.11"]
[EventType "team"]
[EventRounds "9"]
[EventCountry "AUT"]
[WhiteTeam "Schach ohne Grenzen"]
[BlackTeam "SK Dornbirn"]

1. e4 e5 2. Nf3 Nc6 3. Bc4 Nf6 4. d3 Be7 5. O-O O-O 6. c3 d6 7. h3 a6 8. Bb3
Na5 9. Bc2 c5 10. Re1 Re8 11. Be3 Nc6 12. Nbd2 d5 13. Bg5 dxe4 14. dxe4 Be6 15.
Qe2 h6 16. Bxf6 Bxf6 17. Nc4 Bxc4 18. Qxc4 Qe7 19. Rad1 b5 20. Qe2 Qe6 21. Rd5
Ne7 22. Rxc5 Qxa2 23. Bb1 Qe6 24. b4 Ng6 25. Ba2 Nf4 26. Bxe6 Nxe2+ 27. Rxe2
Rxe6 28. Rd2 Ra7 29. Rdd5 Rae7 30. Ne1 Re8 31. Nd3 Be7 32. Rc7 Bf8 33. Kf1 h5
34. Rdd7 Rf6 35. g4 hxg4 36. hxg4 Ra8 37. Ke2 g5 38. f3 Re8 39. Ne1 Ree6 40.
Nd3 Re8 41. Kf2 Kg7 42. Ke3 Kg6 43. Ke2 Kg7 44. Ne1 Bd6 45. Ra7 Bf8 46. Nc2 Rc8
47. Rdc7 Rxc7 48. Rxc7 Rb6 49. Ne3 a5 50. bxa5 Ra6 51. Kd3 Rxa5 52. Nf5+ Kg6
53. Rc6+ Kh7 54. Rc8 Ba3 55. Rb8 Bc5 56. Re8 b4 57. Rxe5 bxc3 58. Ne3 Kg6 59.
Nc4 Rb5 60. Rf5 f6 61. Rd5 Kf7 62. Nd6+ Bxd6 63. Rxb5 Bg3 64. Kxc3 Kg6 65. Kd4
Bf2+ 66. Kc4 Bg3 67. Rd5 Bf2 68. Kb5 Bg3 69. Kc6 Bh2 70. Kb7 Bg3 71. Kc8 Be1
72. Kd8 Kf7 73. Rd7+ Kg6 74. Ke7 Bc3 75. Ke6 Bb2 76. Rd5 Bc3 77. Rf5 Bb2 78. e5
fxe5 79. Rf6+ Kh7 80. Kf5 Bc1 81. Kxe5  1-0

[Event "1.Bundesliga Frauen 2019/20"]
[Site "St.Veit/Glan, Blumenhalle"]
[Date "2020.01.11"]
[Round "5"]
[Board "2"]
[White "Motycakova, Monika"]
[Black "Gueci, Tea"]
[Result "0-1"]
[WhiteElo "2126"]
[BlackElo "2228"]
[PlyCount "98"]
[EventDate "2019.10.11"]
[EventType "team"]
[EventRounds "9"]
[EventCountry "AUT"]
[WhiteTeam "SK Dornbirn"]
[BlackTeam "Schach ohne Grenzen"]

1. e4 {[%emt 0:00:00]} c5 2. Nf3 e6 3. d4 cxd4 4. Nxd4 Nc6 5. c4 Nf6 6. Nc3 Bb4
7. Nxc6 bxc6 8. Bd3 e5 9. Qc2 O-O 10. O-O d6 11. Bd2 a5 12. Rab1 a4 13. a3 Bxc3
14. Bxc3 Nd7 15. Rfd1 Nc5 16. Bf1 Qe7 17. Bb4 f5 18. Bxc5 dxc5 19. exf5 Bxf5
20. Bd3 e4 21. Qe2 Qh4 22. Bc2 Bg4 23. Qe3 Bxd1 24. Rxd1 Rfd8 25. Rxd8+ Rxd8
26. g3 Qe7 27. Bxa4 Rd3 28. Qf4 Rf3 29. Qb8+ Rf8 30. Qb3 Kh8 31. Kg2 Qf6 32.
Qe3 Qf3+ 33. Qxf3 exf3+ 34. Kh3 Rb8 35. Bxc6 Rxb2 36. Bxf3 Rxf2 37. Bc6 Ra2 38.
a4 Kg8 39. Bd5+ Kf8 40. Bc6 Ke7 41. Bb5 Kd6 42. Be8 Ke5 43. Bd7 Kd4 44. Be8 Kc3
45. g4 g5 46. Kg3 Kb4 47. Bb5 h6 48. Kf3 Rxh2 49. Ke4 Rf2  0-1

[Event "1.Bundesliga Frauen 2019/20"]
[Site "St.Veit/Glan, Blumenhalle"]
[Date "2020.01.11"]
[Round "5"]
[Board "3"]
[White "Wunderl, Eva"]
[Black "Kurapova, Olga"]
[Result "1/2-1/2"]
[WhiteElo "1898"]
[BlackElo "1935"]
[PlyCount "87"]
[EventDate "2019.10.11"]
[EventType "team"]
[EventRounds "9"]
[EventCountry "AUT"]
[WhiteTeam "Schach ohne Grenzen"]
[BlackTeam "SK Dornbirn"]

1. e4 {[%emt 0:00:00]} c5 2. Nf3 d6 3. Bb5+ Nd7 4. d4 cxd4 5. Qxd4 a6 6. Bxd7+
Bxd7 7. O-O Nf6 8. c4 e6 9. Nc3 Be7 10. e5 dxe5 11. Nxe5 Rc8 12. Rd1 Bc6 13.
Be3 Qxd4 14. Bxd4 O-O 15. Rac1 Nh5 16. Be3 f5 17. Nxc6 Rxc6 18. Rd7 Bf6 19.
Rxb7 Rxc4 20. Rb6 f4 21. Bd2 Rd8 22. Be1 f3 23. gxf3 Nf4 24. Kf1 a5 25. a3 Rd3
26. Rb8+ Kf7 27. Rb7+ Kg6 28. Rb5 Rxf3 29. Rd1 Nd3 30. Kg2 Nxe1+ 31. Rxe1 Bxc3
32. bxc3 Rcxc3 33. Rxa5 Rxa3 34. Rxa3 Rxa3 35. Rxe6+ Kf5 36. Re7 Kf6 37. Rb7 h5
38. Rb6+ Kg5 39. Rb5+ Kh6 40. Rb6+ g6 41. f3 Ra2+ 42. Kg3 Ra3 43. h4 Ra1 44.
Kg2  1/2-1/2

[Event "1.Bundesliga Frauen 2019/20"]
[Site "St.Veit/Glan, Blumenhalle"]
[Date "2020.01.11"]
[Round "5"]
[Board "4"]
[White "Stepanyan, Viktorya"]
[Black "Anker, Christin"]
[Result "0-1"]
[WhiteElo "1296"]
[BlackElo "1843"]
[PlyCount "84"]
[EventDate "2019.10.11"]
[EventType "team"]
[EventRounds "9"]
[EventCountry "AUT"]
[WhiteTeam "SK Dornbirn"]
[BlackTeam "Schach ohne Grenzen"]

1. e4 e5 2. Nf3 Nc6 3. d4 exd4 4. Bc4 Nf6 5. e5 d5 6. Bb5 Ne4 7. Nxd4 Bd7 8.
Bxc6 bxc6 9. O-O Bc5 10. Be3 O-O 11. Nd2 Nxd2 12. Qxd2 Bb6 13. Nb3 f6 14. f4
fxe5 15. fxe5 Qg5 16. Bxb6 Qxd2 17. Nxd2 cxb6 18. Rae1 Rae8 19. Rxf8+ Kxf8 20.
Nf3 h6 21. Rd1 Bg4 22. Rf1 Kg8 23. Re1 Bxf3 24. gxf3 g5 25. Kg2 Kf7 26. Kg3 Kg6
27. e6 Kf6 28. Kg4 Rxe6 29. Rxe6+ Kxe6 30. Kh5 Kf5 31. Kxh6 d4 32. Kh5 c5 33.
b3 b5 34. h4 gxh4 35. Kxh4 Kf4 36. Kh5 c4 37. Kg6 d3 38. cxd3 cxd3 39. Kf6 d2
40. a4 d1=Q 41. axb5 Qd6+ 42. Kg7 Kf5  0-1

[Event "1.Bundesliga Frauen 2019/20"]
[Site "St.Veit/Glan, Blumenhalle"]
[Date "2020.01.11"]
[Round "5"]
[Board "1"]
[White "Rozman, Monika"]
[Black "Truszkiewicz, Eliza"]
[Result "1-0"]
[WhiteElo "2136"]
[BlackElo "1883"]
[PlyCount "45"]
[EventDate "2019.10.11"]
[EventType "team"]
[EventRounds "9"]
[EventCountry "AUT"]
[WhiteTeam "SV Kaerntner Stub'n Rapid Feffernitz"]
[BlackTeam "SK DolomitenBank Lienz"]

1. e4 e5 2. Nf3 Nc6 3. Bc4 Be7 4. O-O Nf6 5. d3 O-O 6. Re1 d6 7. c3 h6 8. Bb3
Nh7 9. h3 Be6 10. Nbd2 Qd7 11. Nf1 Na5 12. Bc2 f5 13. d4 fxe4 14. Bxe4 exd4 15.
Nxd4 Bc4 16. Qh5 c5 17. Qg6 Rf6 18. Qxh7+ Kf8 19. Qh8+ Bg8 20. Bd5 Ke8 21.
Qxg8+ Rf8 22. Qxg7 cxd4 23. Bxh6  1-0

[Event "1.Bundesliga Frauen 2019/20"]
[Site "St.Veit/Glan, Blumenhalle"]
[Date "2020.01.11"]
[Round "5"]
[Board "2"]
[White "Katter, Katharina"]
[Black "Hercog, Nusa"]
[Result "0-1"]
[WhiteElo "1930"]
[BlackElo "2042"]
[PlyCount "64"]
[EventDate "2019.10.11"]
[EventType "team"]
[EventRounds "9"]
[EventCountry "AUT"]
[WhiteTeam "SK DolomitenBank Lienz"]
[BlackTeam "SV Kaerntner Stub'n Rapid Feffernitz"]

1. d4 d5 2. Nf3 e6 3. c4 c6 4. e3 Nf6 5. b3 Nbd7 6. Bb2 Bd6 7. Bd3 O-O 8. O-O
b6 9. Ne5 Bb7 10. Nd2 c5 11. cxd5 exd5 12. f4 Qe7 13. Qf3 Rfe8 14. Qh3 Nf8 15.
g4 a6 16. g5 Bxe5 17. dxe5 N6d7 18. Nf3 c4 19. bxc4 dxc4 20. Bxc4 Qc5 21. Nd2
Qb4 22. Bc1 b5 23. Bb3 Qc3 24. Rb1 Nc5 25. Ba3 Nd3 26. Qf5 Ne6 27. Nf3 Ndxf4
28. exf4 Bxf3 29. Qc2 Qe3+ 30. Rf2 Nxf4 31. Bxf7+ Kxf7 32. e6+ Kg8  0-1

[Event "1.Bundesliga Frauen 2019/20"]
[Site "St.Veit/Glan, Blumenhalle"]
[Date "2020.01.11"]
[Round "5"]
[Board "3"]
[White "Sommer, Milena"]
[Black "Mattersberger, Melanie"]
[Result "1/2-1/2"]
[WhiteElo "1609"]
[BlackElo "1752"]
[PlyCount "82"]
[EventDate "2019.10.11"]
[EventType "team"]
[EventRounds "9"]
[EventCountry "AUT"]
[WhiteTeam "SV Kaerntner Stub'n Rapid Feffernitz"]
[BlackTeam "SK DolomitenBank Lienz"]

1. e4 e5 2. Nf3 Nc6 3. Bb5 Nf6 4. d3 d6 5. O-O Bd7 6. Bg5 a6 7. Ba4 b5 8. Bb3
Na5 9. Nbd2 Be7 10. c3 Nxb3 11. Nxb3 O-O 12. Re1 Nd5 13. Bxe7 Nxe7 14. d4 exd4
15. cxd4 Ng6 16. Rc1 Rc8 17. h3 Re8 18. Qd2 Be6 19. Qe3 Bd5 20. Qd3 Bc4 21. Qd2
Qf6 22. Qg5 Qxg5 23. Nxg5 Nf4 24. Rcd1 Nd3 25. Re2 Nb4 26. Red2 h6 27. Nf3 Rxe4
28. Nc1 Rce8 29. a3 Nc6 30. b3 Be2 31. Nxe2 Rxe2 32. Rxe2 Rxe2 33. Rc1 Na5 34.
Rxc7 Nxb3 35. Rc6 Nd2 36. Nxd2 Rxd2 37. Rxd6 a5 38. Rb6 Rxd4 39. Rxb5 a4 40.
Ra5 Rd1+ 41. Kh2 Rd4  1/2-1/2

[Event "1.Bundesliga Frauen 2019/20"]
[Site "St.Veit/Glan, Blumenhalle"]
[Date "2020.01.11"]
[Round "5"]
[Board "4"]
[White "Katter, Marlene"]
[Black "Oberberger, Bianca"]
[Result "1-0"]
[WhiteElo "1609"]
[BlackElo "1215"]
[PlyCount "153"]
[EventDate "2019.10.11"]
[EventType "team"]
[EventRounds "9"]
[EventCountry "AUT"]
[WhiteTeam "SK DolomitenBank Lienz"]
[BlackTeam "SV Kaerntner Stub'n Rapid Feffernitz"]

1. d4 d5 2. Bf4 Nf6 3. e3 Bf5 4. c4 e6 5. Qb3 Qc8 6. Nc3 c6 7. Rc1 Qd7 8. Nf3
Be7 9. Ne5 Qc8 10. Be2 O-O 11. O-O Nbd7 12. cxd5 exd5 13. Bf3 Nb6 14. Bg5 Be6
15. Bd1 Re8 16. Qc2 Bf5 17. Qe2 Ne4 18. Nxe4 Bxe4 19. Bxe7 Rxe7 20. Qh5 Qf5 21.
Qh4 Qe6 22. Bg4 Qd6 23. Qg3 Qd8 24. Qh3 Qe8 25. Bh5 g6 26. Be2 Nd7 27. Ng4 Qf8
28. f3 Bf5 29. Nh6+ Kh8 30. Nxf5 gxf5 31. Qxf5 Qg7 32. Rc3 Qg6 33. Qxg6 fxg6
34. Re1 Rae8 35. Bd1 Nb6 36. b3 Kg7 37. Kf2 Nd7 38. Rc2 Nf6 39. Rce2 Rf8 40.
Kg1 Rfe8 41. Bc2 Rd7 42. Rd1 Rde7 43. e4 dxe4 44. fxe4 Rd8 45. h3 Ne8 46. b4
Nc7 47. a4 Red7 48. Red2 Na6 49. b5 cxb5 50. axb5 Nc7 51. Ba4 b6 52. d5 Kf6 53.
Kf2 Ke5 54. Ke3 Rf8 55. d6 Ne6 56. Rd5+ Kf6 57. Rf1+ Kg7 58. Rxf8 Kxf8 59. Bb3
Nc5 60. Ba2 Nb7 61. e5 Nc5 62. Rd2 Kg7 63. e6 Rd8 64. e7 Re8 65. Bd5 Kf6 66.
Bc6 Rxe7+ 67. dxe7 Kxe7 68. Ra2 Kf6 69. Rxa7 h5 70. Ra8 Kg7 71. Rb8 Kh6 72.
Rxb6 Ne6 73. Be4 Nf8 74. Kf4 Kg7 75. Bxg6 Nxg6+ 76. Rxg6+ Kxg6 77. b6  1-0

[Event "1.Bundesliga Frauen 2019/20"]
[Site "St.Veit/Glan, Blumenhalle"]
[Date "2020.01.12"]
[Round "6"]
[Board "1"]
[White "Cvitan, Ena"]
[Black "Truszkiewicz, Eliza"]
[Result "1-0"]
[WhiteElo "2276"]
[BlackElo "1883"]
[PlyCount "117"]
[EventDate "2019.10.11"]
[EventType "team"]
[EventRounds "9"]
[EventCountry "AUT"]
[WhiteTeam "ASVOE Wulkaprodersdorf"]
[BlackTeam "SK DolomitenBank Lienz"]

1. d4 Nf6 2. c4 g6 3. Nc3 Bg7 4. e4 d6 5. h3 Nbd7 6. Bd3 c5 7. d5 a6 8. Nf3 Rb8
9. O-O O-O 10. a4 Ne8 11. Bf4 Ne5 12. Be2 Nxf3+ 13. Bxf3 Nc7 14. Be2 Bd7 15. a5
b5 16. axb6 Rxb6 17. Qd2 Qb8 18. Ra2 Qb7 19. Bd1 Ne8 20. Re1 Bd4 21. b3 Nf6 22.
Ra3 Ra8 23. Bc2 Qc8 24. Ne2 Be5 25. Bxe5 dxe5 26. Qg5 Qc7 27. Nc1 Kg7 28. Nd3
Be8 29. Qxe5 Qxe5 30. Nxe5 Nd7 31. Nxd7 Bxd7 32. Ra5 Rc8 33. Rea1 f5 34. e5 e6
35. Rxa6 Rxa6 36. Rxa6 Kf7 37. Ra7 Ke7 38. f4 h6 39. Kf2 g5 40. g3 Rb8 41. dxe6
Kxe6 42. Ra6+ Ke7 43. Rxh6 gxf4 44. gxf4 Ra8 45. Rh7+ Ke6 46. Ke3 Rg8 47. Bxf5+
Kxf5 48. Rxd7 Rg3+ 49. Kf2 Rxh3 50. Rf7+ Ke6 51. Rf6+ Kd7 52. Rd6+ Kc7 53. f5
Rxb3 54. f6 Rb8 55. Ke3 Rb4 56. f7 Rb8 57. Rd5 Rf8 58. e6 Kc6 59. e7  1-0